000 00795nam a2200253 i 4500
001 77580
003 ES-MaACL
005 20230906173302.0
007 t|
008 041022s2004 sp ||||1| spa d
020 _a84-8310-945-X
080 _a291.7(091)
100 1 _aArmstrong, Karen.
_923004
245 1 4 _aLos orígenes del fundamentalismo en el judaísmo, el cristianismo y el islam /
_cKaren Armstrong ; traducción de Federico Villegas.
250 _a1ª ed.
260 _aBarcelona :
_bTusquets,
_c2004.
300 _a532 p. ;
_c23 cm.
490 1 _aTiempo de memoria ;
_v36
504 _aBibliografía: p. 497-512.
650 4 _aIntegrismo-
_xHistoria.
_913843
830 0 _aTiempo de memoria ;
_v36
_9180241
852 _aES-MaACL
_jL-28355
_bR.134272
999 _c77580
_d77580